LEADER 00885nam0-22002411i-450- 001 990001214050403321 035 $a000121405 035 $aFED01000121405 035 $a(Aleph)000121405FED01 035 $a000121405 100 $a20000920d1958----km-y0itay50------ba 101 0 $aeng 200 1 $aElémentes de Mathématique XXIII. I: Les Structures fondamentales de l'analyse Livre II: Algèbre-Chapitre 8 Modules et anneaux semi-simples. de Bourbaki, N. 210 $aParis$cHermann$d1958. 700 1$aBourbaki,$bNicolas$0334608 801 0$aIT$bUNINA$gRICA$2UNIMARC 901 $aBK 912 $a990001214050403321 952 $a12-H-23a$b13609$fMA1 959 $aMA1 996 $aElémentes de Mathématique XXIII. I: Les Structures fondamentales de l'analyse Livre II: Algèbre-Chapitre 8 Modules et anneaux semi-simples. de Bourbaki, N$9342868 997 $aUNINA DB $aING01 LEADER 01393nam--2200337---450- 001 990003620910203316 005 20120208153142.0 010 $a978-88-387-5757-7 035 $a000362091 035 $aUSA01000362091 035 $a(ALEPH)000362091USA01 035 $a000362091 100 $a20120208d2011----km-y0itay50------ba 101 $aita 102 $aIT 105 $a||||||||001yy 200 1 $aDisciplina delle somministrazioni di alimenti e bevande$ein applicazione della legislazione nazionale e delle norme regionali$fRocco Orlando Di Stilo$ebar, caffe, ristoranti, pizzerie, trattorie, tavole calde, birrerie, circoli privati, rifugi alpini, agriturismo, bed & breakfast 205 $a3. edizione riveduta ed aggiornata in conformità del D.Lgs. 26 marzo 2010 n. 59 (attuazione direttiva servizi) e della L. 30 luglio 2010 n. 122 (introduzione della SCIA) 210 $aSantarcangelo di Romagna$cMaggioli$d2011 215 $a856 p.$d25 cm$ecd-rom 606 0 $aEsercizi pubblici$xLegislazione$2BNCF 676 $a344.4504232$v22 700 1$aDI STILO,$bRocco Orlando$0286669 801 0$aIT$bsalbc$gISBD 912 $a990003620910203316 951 $aXXIV.3.N 183$b70515 G.$cXXIV.3.N$d00306234 959 $aBK 969 $aGIU 979 $aCHIARA$b90$c20120208$lUSA01$h1531 996 $aDisciplina delle somministrazioni di alimenti e bevande$993464 997 $aUNISA LEADER 01035nam a22002651i 4500 001 991004187579707536 005 20031007161609.0 008 031111s1991 it |||||||||||||||||ita 020 $a8839550054 035 $ab12539478-39ule_inst 035 $aARCHE-057274$9ExL 040 $aDip.to Lingue$bita$cA.t.i. Arché s.c.r.l. Pandora Sicilia s.r.l. 082 04$a463 100 1 $aCalvi, Maria Vittoria$0174000 245 10$aNuevas palabras =$bParole nuove : dizionario spagnolo-italiano e italiano-spagnolo di neologismi e di espressioni colloquiali /$cM. V. Calvi, S. Monti 260 $aTorino :$bParavia,$c1991 300 $a318 p. ;$c23 cm 650 4$aLingua spagnola$xDizionari italiani 700 1 $aMonti, Silvia 907 $a.b12539478$b02-04-14$c13-11-03 912 $a991004187579707536 945 $aLE012 REF 463.51 CAV$g1$i2012000250116$lle012$o-$pE0.00$q-$rn$so $t0$u0$v0$w0$x0$y.i12986082$z13-11-03 996 $aNuevas palabras$9172490 997 $aUNISALENTO 998 $ale012$b13-11-03$cm$da $e-$fita$git $h0$i1 LEADER 01672nam0 2200445 i 450 001 BVE0045221 005 20231121125413.0 010 $a8804375949 010 $a9788804555117$bristampa 020 $aIT$b94-1472 100 $a20140613d1993 ||||0itac50 ba 101 | $alat$aita$clat 102 $ait 181 1$6z01$ai $bxxxe 182 1$6z01$an 200 1 $aAndria$aHecyra$fTerenzio$ga cura di Laura Pepe 210 $aMilano$cA. Mondadori$d1993 215 $aXXXVI, 237 p.$d20 cm 225 | $aClassici greci e latini$v46 300 $aTit. orig.: Andria, Hecyra 300 $aTrad. italiana a fronte 300 $aSegue: Appendice metrica. 410 0$1001CFI0169293$12001 $aClassici greci e latini$v46 500 10$aAndria$3PUV0790205$9CFIV069531$974760 500 10$xLAT$aHecyra$3UFI0061581$9CFIV069531$915150 676 $a872.01$9Dramma e poesia drammatica latina. Origini-500$v21 700 1$aTerentius Afer$b, Publius$3CFIV069531$4070$0439355 702 1$aPepe$b, Laura$f <1969- >$3BVEV015875 790 1$aTerentius$b, Publius Afer$3CAGV024322$zTerentius Afer, Publius 790 0$aTerenzio$3CFIV069532$zTerentius Afer, Publius 790 1$aTerenzio Afro$b, Publio$3CFIV069535$zTerentius Afer, Publius 801 3$aIT$bIT-01$c20140613 850 $aIT-FR0017 899 $aBiblioteca umanistica Giorgio Aprea$bFR0017 912 $aBVE0045221 950 0$aBiblioteca umanistica Giorgio Aprea$d 52MAG 8 Coll B 46$e 52FLS0000212075 VMN RS $fA $h20140613$i20140613 977 $a 52 996 $aHecyra$915150 996 $aAndria$974760 997 $aUNICAS